Advanced English Grammar. A Linguistic Approach.

Gespeichert in:
Bibliographische Detailangaben
1. Verfasser: Depraetere, Ilse (VerfasserIn)
Format: Unbekannt
Sprache:Englisch
Veröffentlicht: London, United Kingdom: Bloomsbury Academic, 2020.
Schlagworte:
Tags: Tag hinzufügen
Keine Tags, Fügen Sie den ersten Tag hinzu!

MARC

LEADER 00000 a2200000 4500
003 CL-VaPUC
005 20220407091832.0
008 220404b2020 ||||| |||| 00| 0 eng d
999 |c 435161  |d 435159 
020 |a 9781350069879 
040 |c Pontificia Universidad Católica de Valparaíso 
082 7 |a 428.2 DEP 2020  |2 22 
100 1 |a Depraetere, Ilse  |9 867751  |e author 
245 1 |a Advanced English Grammar.  |b A Linguistic Approach. 
260 |a London, United Kingdom:   |b Bloomsbury Academic,   |c 2020. 
300 |a 373 páginas  
583 |k Cristina María Rojas Aguilar  |c 20220404 
650 0 |a Lengua inglesa  |9 453712  |x Gramática  
650 0 |a Libros de textos para hablantes extranjeros  |9 326366 
942 |2 ddc  |c BK 
952 |0 0  |1 0  |2 ddc  |4 0  |6 428_200000000000000_DEP_2020  |7 0  |8 A  |9 582405  |a BIBEDU  |b BIBEDU  |c GEN  |d 2022-04-04  |e 74  |g 39506.00  |i 5650667  |l 1  |o 428.2 DEP 2020  |p 5650667  |r 2022-09-01  |s 2022-08-30  |t 1  |v 39506.00  |w 2022-04-04  |y BK  |k LIT